• 首页
  • 本馆介绍
  • 公告通知
  • 最新文献
  • 馆藏检索
  • 电子资源
  • 读者导购
  • 参考咨询
  • 我的图书馆
  • 登录
  • 详细信息显示
  • 放入我的书架
  • 预约/预借图书
  • 作者相关作品
  • 分类相关作品
  • 丛书相关作品
  • 出版社相关作品

书目信息

  • 表格格式
  • 工作单格式
  • 卡片格式
题名:
写给自闭症儿童父母的101条小贴士
    
 
作者: Lyons , Stagliano 著 ;杨中枢 译
分册:   女孩篇
出版信息: 上海   华东师范大学出版社  2019.08
页数: 193页
开本: 21cm
丛书名:
单 册:
中图分类: G766
科图分类:
主题词: 孤独症--儿童教育--特殊教育--家庭教育
电子资源:
ISBN: 978-7-5675-9192-9
000 01146nam0 2200265 450
001 0103152656
005 20201103152732.0
010    @a978-7-5675-9192-9@dCNY32.00
100    @a20200408d2019 em y0chiy50 ea
101 1  @achi@ceng
102    @aCN@b310000
105    @ay z 000yy
106    @ar
200 1  @a写给自闭症儿童父母的101条小贴士@Axie gei zi bi zheng er tong fu mu de 101 tiao xiao tie shi@i女孩篇@d101 tips for the parents of girls with autism@f(美)Tony Lyons, (美)Kim Stagliano著@g杨中枢译@zeng
210    @a上海@c华东师范大学出版社@d2019.08
215    @a193页@d21cm
330    @a本书基于对自闭症女孩认知和感觉需要的理解,给父母提供了相关建议和信息。从接受治疗、加入服务计划,到训练孩子如厕、洗浴、就寝;从走亲访友、外出旅行,到父母个人爱好、社会交往以及夫妻相处之道等,应有尽有。
510 1  @a101 tips for the parents of girls with autism@zeng
606 0  @a孤独症@x儿童教育@x特殊教育@x家庭教育
690    @aG766@v5
701  1 @c(美)@aLyons@ALyons@bTony@4著
701  1 @c(美)@aStagliano@AStagliano@bKim@4著
702  0 @a杨中枢@Ayang zhong shu@4译
801  0 @aCN@bBJSZM@c20201103
905    @b1257166-70@dG766@e152@f5
    
    写给自闭症儿童父母的101条小贴士.女孩篇=101 tips for the parents of girls with autism/(美)Tony Lyons, (美)Kim Stagliano著/杨中枢译.-上海:华东师范大学出版社,2019.08
    193页;21cm
    
    
    ISBN 978-7-5675-9192-9:CNY32.00
    本书基于对自闭症女孩认知和感觉需要的理解,给父母提供了相关建议和信息。从接受治疗、加入服务计划,到训练孩子如厕、洗浴、就寝;从走亲访友、外出旅行,到父母个人爱好、社会交往以及夫妻相处之道等,应有尽有。
●
相关链接 在E读中查询图书 在五车中查询图书 在当当中查询图书 在豆瓣中查询图书


正题名:写给自闭症儿童父母的101条小贴士     索取号:G766/152         预约/预借

序号 登录号 条形码 馆藏地/架位号 状态 备注
1 1257166   212571661   第一样本阅览室/ [索取号:G766/152] 在馆    
2 1257167   212571670   教育系资料室/ [索取号:G766/152] 在馆    
3 1257168   212571689   教育系资料室/ [索取号:G766/152] 在馆    
4 1257169   212571698   第四借阅区/ [索取号:G766/152] 在馆    
5 1257170   212571705   第四借阅区/ [索取号:G766/152] 在馆    
唐山师范学院图书馆 欢迎您!
大连网信软件有限公司© 版权所有